| 000 -LEADER |
| fixed length control field |
00748nam a22002177a 4500 |
| 001 - CONTROL NUMBER |
| control field |
12434 |
| 003 - CONTROL NUMBER IDENTIFIER |
| control field |
BD-DhUAP |
| 005 - DATE AND TIME OF LATEST TRANSACTION |
| control field |
20200302114609.0 |
| 008 - FIXED-LENGTH DATA ELEMENTS--GENERAL INFORMATION |
| fixed length control field |
200302s2004 it a|||| b||| 00| 0 eng d |
| 020 ## - INTERNATIONAL STANDARD BOOK NUMBER |
| International Standard Book Number |
8876240098 |
| 040 ## - CATALOGING SOURCE |
| Original cataloging agency |
BD-DhUAP |
| Language of cataloging |
Eng |
| Transcribing agency |
BD-DhUAP |
| Modifying agency |
BD-DhUAP |
| 082 ## - DEWEY DECIMAL CLASSIFICATION NUMBER |
| Edition number |
23 |
| Classification number |
720.9 ARC |
| 245 ## - TITLE STATEMENT |
| Title |
Architecture & art : |
| Remainder of title |
1900/2004, a century of creative projects in building, design, cinema, painting, sculpture / |
| Statement of responsibility, etc. |
Edited by Germano Celant. |
| 260 ## - PUBLICATION, DISTRIBUTION, ETC. |
| Place of publication, distribution, etc. |
Torino, Italy : |
| Name of publisher, distributor, etc. |
Skira editore, |
| Date of publication, distribution, etc. |
c2004. |
| 300 ## - PHYSICAL DESCRIPTION |
| Extent |
784 pages : |
| Other physical details |
illustrations ; |
| Dimensions |
28 cm. |
| 504 ## - BIBLIOGRAPHY, ETC. NOTE |
| Bibliography, etc. note |
Includes bibliographical references. |
| 650 ## - SUBJECT ADDED ENTRY--TOPICAL TERM |
| Topical term or geographic name entry element |
Architecture |
| Form subdivision |
History. |
| 650 ## - SUBJECT ADDED ENTRY--TOPICAL TERM |
| Topical term or geographic name entry element |
Arts |
| Form subdivision |
History |
| Chronological subdivision |
20th century. |
| 700 ## - ADDED ENTRY--PERSONAL NAME |
| Personal name |
Celant, Germano. |
| 942 ## - ADDED ENTRY ELEMENTS (KOHA) |
| Source of classification or shelving scheme |
|
| Koha item type |
Book |